| 000 | 00420nam a22001817a 4500 | ||
|---|---|---|---|
| 003 | OSt | ||
| 005 | 20220216144441.0 | ||
| 008 | 220216b |||||||| |||| 00| 0 eng d | ||
| 020 | _a0131911406 | ||
| 040 | _cHU | ||
| 082 | _a363.72 | ||
| 100 |
_aHammer J. Mark _930697 |
||
| 245 | _aWater And Wastewater Technology | ||
| 250 | _a5th ed | ||
| 260 |
_aNew Jersey _bNew Jersey |
||
| 300 | _f540 | ||
| 942 |
_2ddc _cBOOKS _n0 |
||
| 999 |
_c30611 _d30611 |
||